Logo BPK

Biblioteka

Politechniki Koszalińskiej

The Magician's Nephew / (Rekord nr 48864)

Szczegóły MARC
000 -ETYKIETA REKORDU
podpole kontrolne o stałej długości 00766nam a2200253 i 4500
001 - NUMER KONTROLNY REKORDU
pole kontrolne bgj
020 ## - MIĘDZYNARODOWY ZNORMALIZOWANY NUMER KSIĄŻKI - ISBN
ISBN 0020442300
040 ## - ŹRÓDŁO KATALOGOWANIA
Instytucja, która utworzyła rekord BPK
041 0# - KOD JĘZYKA
Kod języka tekstu eng
920 ## - Międzynarodowy znormalizowany numer książki – ISBN
ISBN 0-02-044230-0
008 - POLE O STAŁEJ DŁUGOŚCI - DANE KONTROLNE
podpole kontrolne o stałej długości s uk f |000 0 eng
100 1# - NAZWA OSOBOWA
Nazwa osobowa LEWIS, Clive Staples]
Daty związane z nazwą (1898-1963).
245 10 - TYTUŁ/ODPOWIEDZIALNOŚĆ
Tytuł The Magician's Nephew /
Pozostałe elementy strefy tytułu i oznaczenia odpowiedzialności C. S. Lewis ; with pictures adapted from illustrations by Pauline Baynes.
260 ## - STREFA ADRESU WYDAWNICZEGO
Miejsce wydania New York :
Nazwa wydawcy/dystrybutora Macmillan Publishing Company,
Data publikacji, dystrybucji/powstania dokumentu 1970.
300 ## - STREFA OPISU FIZYCZNEGO
Objętość 186 pp :
Inne cechy fizyczne ill. ;
Rozmiary 18 cm.
490 1# - STREFA SERII I DOKUMENTU WIELOCZĘŚCIOWEGO - FORMA NIE DO WYSZUKIWANIA
Tytuł i oznaczenie odpowiedzialności serii Collier Books
500 ## - UWAGI OGÓLNE
Tekst uwagi Book 6 in "The chronicles of Narnia".
650 #9 - HASŁO PRZEDMIOTOWE W FORMIE NAZWY OGÓLNEJ LUB JEDNOSTKOWEJ
Nazwa ogólna lub geograficzna Children's stories
650 #9 - HASŁO PRZEDMIOTOWE W FORMIE NAZWY OGÓLNEJ LUB JEDNOSTKOWEJ
Nazwa ogólna lub geograficzna Fantasy
700 1# - HASŁO DODATKOWE - NAZWA OSOBOWA
Nazwa osobowa BAYNES, Pauline.
Określenie związku między hasłem a opisywanym materiałem ill.
740 02 - HASŁO DODATKOWE - TYTUŁ DOKUMENTU ZWIAZANEGO/TYTUŁ PRACY WSPÓŁWYDANEJ
Tytuł The Chronicles of Narnia
830 ## - HASŁO DODATKOWE SERII LUB DOKUMENTU WIELOCZĘŚCIOWEGO - TYTUŁ UJEDNOLICONY
Tytuł ujednolicony Collier Books
942 ## - DODATKOWE ELEMENTY (KOHA)
Typ dokumentu Książka
Egzemplarze
Wycofany Status egzemplarza Uszkodzony Dostępność Lokalizacja stała Lokalizacja bieżąca Miejsce przechowywania Sygnatura Kod kreskowy Typ dokumentu
      Dostępny Biblioteka Politechniki Koszalińskiej Biblioteka Politechniki Koszalińskiej Wypożyczalnia Językowa KA 6229 09049239 Książka
© 2023 Biblioteka Politechniki Koszalińskiej :: KOHA